[Event "EU-Cup (Women) 08th"]
[Site "Rethymno"]
[Date "2003.10.03"]
[Round "6.4"]
[White "Markantonaki, Haritomeni"]
[Black "Srumin, Galina"]
[Result "1-0"]
[WhiteElo "2059"]
[BlackElo "2108"]
[PlyCount "67"]
[EventDate "2003.09.28"]
[EventType "team-swiss"]
[EventRounds "7"]
[EventCountry "GRE"]
[SourceTitle "EXT 2013"]
[Source "ChessBase"]
[SourceDate "2012.11.22"]
[SourceVersion "1"]
[SourceVersionDate "2012.11.22"]
[SourceQuality "1"]
[WhiteTeam "Chania Kydon (W)"]
[BlackTeam "Afek Maccabi (W)"]
[WhiteTeamCountry "GRE"]
[BlackTeamCountry "ISR"]

1. e4 e5 2. Nf3 Nc6 3. Bb5 f5 4. d4 exd4 5. exf5 Nf6 6. 0-0 Be7 7. Nxd4 Nxd4 8. Qxd4 0-0 9. Bg5 d5 10. Re1 c6 11. Bd3 c5 12. Qe3 Bd6 13. Qf3 Kh8 14. Nc3 c4 15. Bf1 Bd7 16. Rad1 Bc6 17. Qh3 Qc7 18. Ne2 Ne4 19. Be3 Qf7 20. f3 Nf6 21. Nd4 Bd7 22. Ne6 Rfe8 23. Bd4 Bxe6 24. fxe6 Qg6 25. Bxf6 Qxf6 26. Rxd5 Bc5+ 27. Kh1 Rac8 28. c3 Qf4 29. Qh5 Bf2 30. Red1 g6 31. Qh3 Qf6 32. Rd7 h5 33. Rf7 Qxe6 34. Rf8+ 1-0

[Event "EU-Cup (Women) 08th"]
[Site "Rethymno"]
[Date "2003.10.02"]
[Round "5.4"]
[White "Srumin, Galina"]
[Black "Ovod, Evgenija"]
[Result "0-1"]
[WhiteElo "2108"]
[BlackElo "2307"]
[PlyCount "80"]
[EventDate "2003.09.28"]
[EventType "team-swiss"]
[EventRounds "7"]
[EventCountry "GRE"]
[SourceTitle "EXT 2013"]
[Source "ChessBase"]
[SourceDate "2012.11.22"]
[SourceVersion "1"]
[SourceVersionDate "2012.11.22"]
[SourceQuality "1"]
[WhiteTeam "Afek Maccabi (W)"]
[BlackTeam "St Petersburg (W)"]
[WhiteTeamCountry "ISR"]
[BlackTeamCountry "RUS"]

1. e4 c5 2. Nf3 d6 3. d4 cxd4 4. Nxd4 Nf6 5. Nc3 g6 6. Be3 Bg7 7. f3 Nc6 8. Qd2 Bd7 9. g4 Rc8 10. 0-0-0 Ne5 11. Kb1 a6 12. g5 Nh5 13. Nd5 0-0 14. Be2 Nc4 15. Bxc4 Rxc4 16. Nb3 Be6 17. Nb6 Rc6 18. Qf2 Bxb3 19. cxb3 f5 20. gxf6 Nxf6 21. Qg1 Nh5 22. Nd5 Rxf3 23. Qg4 Rf7 24. Qe6 Nf6 25. Rhf1 Qd7 26. Qxd7 Nxd7 27. Bg5 Nf6 28. Nxe7+ Rxe7 29. Bxf6 Rxe4 30. Bxg7 Kxg7 31. Rf2 h5 32. Rdf1 Kh6 33. Rf7 Re2 34. h4 Rcc2 35. Rf8 Rxb2+ 36. Kc1 Rxa2 37. Kb1 Reb2+ 38. Kc1 Rh2 39. Kb1 Rab2+ 40. Kc1 Rxb3 0-1

[Event "EU-Cup (Women) 08th"]
[Site "Rethymno"]
[Date "2003.09.28"]
[Round "1.4"]
[White "Shaydullina, Sandugach"]
[Black "Srumin, Galina"]
[Result "1-0"]
[WhiteElo "2334"]
[BlackElo "2108"]
[PlyCount "43"]
[EventDate "2003.09.28"]
[EventType "team-swiss"]
[EventRounds "7"]
[EventCountry "GRE"]
[SourceTitle "EXT 2013"]
[Source "ChessBase"]
[SourceDate "2012.11.22"]
[SourceVersion "1"]
[SourceVersionDate "2012.11.22"]
[SourceQuality "1"]
[WhiteTeam "Kazan Ladya (W)"]
[BlackTeam "Afek Maccabi (W)"]
[WhiteTeamCountry "RUS"]
[BlackTeamCountry "ISR"]

1. d4 d5 2. Nf3 Nf6 3. c4 e6 4. Nc3 Be7 5. Bg5 Nbd7 6. cxd5 exd5 7. e3 c6 8. Bd3 0-0 9. Qc2 Re8 10. 0-0 Nf8 11. Rae1 g6 12. Ne5 Ne6 13. Bh6 Ng7 14. Bxg7 Kxg7 15. f4 Be6 16. Qf2 Qc7 17. Qh4 a6 18. g3 a5 19. g4 b5 20. Ne2 c5 21. b3 c4 22. Bc2 1-0

[Event "ISR-chT"]
[Site "Ramat Aviv"]
[Date "2000.03.10"]
[Round "5.7"]
[White "Borsuk, Angela"]
[Black "Srumin, Galina"]
[Result "1-0"]
[WhiteElo "2298"]
[BlackElo "2104"]
[PlyCount "48"]
[EventDate "2000.01.14"]
[EventType "team"]
[EventRounds "11"]
[EventCountry "ISR"]
[SourceTitle "CBM 077"]
[Source "ChessBase"]
[SourceDate "2000.07.27"]
[SourceVersion "1"]
[SourceVersionDate "2000.07.27"]
[SourceQuality "1"]
[WhiteTeam "Tel Aviv Univ"]
[BlackTeam "Maccabi Afek"]
[WhiteTeamCountry "ISR"]
[BlackTeamCountry "ISR"]

1. d4 d5 2. g3 Bf5 3. Bg2 e6 4. Nf3 Nf6 5. 0-0 h6 6. c4 c6 7. Nc3 Be7 8. Qb3 Qb6 9. c5 Qxb3 10. axb3 Na6 11. Ne5 Nb4 12. Ra4 a5 13. Bd2 0-0 14. Nd1 Rfc8 15. Ne3 Bh7 16. Rfa1 Nc2 17. Nxc2 Bxc2 18. Rxa5 Rxa5 19. Rxa5 Bxb3 20. Ra7 Bd1 21. Rxb7 Kf8 22. Bf1 Ne4 23. Ba5 g5 24. Bc7 Ba4 1-0

[Event "ISR-ch (Women)"]
[Site "Ramat Aviv"]
[Date "1998.11.10"]
[Round "2.2"]
[White "Pitam, Ella"]
[Black "Srumin, Galina"]
[Result "1-0"]
[WhiteElo "2330"]
[BlackElo "2125"]
[PlyCount "81"]
[EventDate "1998.11.08"]
[EventType "k.o."]
[EventRounds "4"]
[EventCountry "ISR"]
[SourceTitle "CBM 067 Extra"]
[Source "ChessBase"]
[SourceDate "1999.01.01"]
[SourceVersion "1"]
[SourceVersionDate "1999.01.01"]
[SourceQuality "1"]

1. c4 e6 2. Nc3 d5 3. d4 Nf6 4. Bg5 Be7 5. e3 Nbd7 6. cxd5 exd5 7. Bd3 c6 8. Qc2 0-0 9. Nf3 Re8 10. 0-0 Nf8 11. h3 g6 12. Bxf6 Bxf6 13. b4 Be6 14. Rac1 Bg7 15. b5 cxb5 16. Bxb5 Nd7 17. Qb3 a6 18. Bxd7 Qxd7 19. Na4 Qd6 20. Qxb7 Qa3 21. Qb3 Qd6 22. Nc5 Bf5 23. Qa4 Qf6 24. Ne5 Qh4 25. Nf3 Qh5 26. Qd1 Rad8 27. g4 Qxh3 28. gxf5 gxf5 29. Nh2 Rd6 30. Qf3 Qh4 31. Kh1 Rh6 32. Qf4 Qxf4 33. exf4 Bxd4 34. Nb3 Bb6 35. Rc2 Kf8 36. Nc5 Rd8 37. Nd3 Rh3 38. Rd1 Rd6 39. Kg2 Rh5 40. Ne5 Rdh6 41. Nhf3 1-0

[Event "ISR-ch (Women)"]
[Site "Ramat Aviv"]
[Date "1998.11.10"]
[Round "2.1"]
[White "Srumin, Galina"]
[Black "Pitam, Ella"]
[Result "0-1"]
[WhiteElo "2125"]
[BlackElo "2330"]
[PlyCount "102"]
[EventDate "1998.11.08"]
[EventType "k.o."]
[EventRounds "4"]
[EventCountry "ISR"]
[SourceTitle "CBM 067 Extra"]
[Source "ChessBase"]
[SourceDate "1999.01.01"]
[SourceVersion "1"]
[SourceVersionDate "1999.01.01"]
[SourceQuality "1"]

1. e4 e6 2. d4 d5 3. Nc3 Nf6 4. e5 Nfd7 5. Nf3 c5 6. dxc5 Nc6 7. Bf4 Nxc5 8. Be2 Be7 9. h4 a6 10. Bd3 b5 11. a3 Bb7 12. Ng5 h6 13. Nf3 Qb6 14. h5 0-0-0 15. Qe2 Kb8 16. 0-0 Rdg8 17. a4 b4 18. a5 Qd8 19. Na4 Nxd3 20. Qxd3 g5 21. Be3 g4 22. Nd4 Nxe5 23. Bf4 Bd6 24. Bxe5 Bxe5 25. Nc5 Qd6 26. Nxb7 Kxb7 27. Ra4 Rg5 28. Qb3 Bh2+ 29. Kh1 Rxh5 30. Rxb4+ Ka8 31. g3 Bxg3+ 32. Kg1 Rh3 33. Rb6 Bh2+ 34. Kg2 Rxb3 35. Rxd6 Bxd6 36. Nxb3 h5 37. Nd4 h4 38. c3 Rb8 39. Rb1 h3+ 40. Kh1 Bc5 41. Nc6 Rg8 42. Rf1 Kb7 43. Ne5 f6 44. Nd7 Kc6 45. Nxf6 Rg6 46. Nh5 e5 47. Kh2 Rg5 48. Ng3 Bd6 49. Rd1 e4 50. b4 Rf5 51. Rd2 e3 0-1

[Event "ISR-ch (Women)"]
[Site "Jerusalem"]
[Date "1996.??.??"]
[Round "3"]
[White "Pitam, Ella"]
[Black "Srumin, Galina"]
[Result "1-0"]
[WhiteElo "2255"]
[BlackElo "2095"]
[PlyCount "127"]
[EventDate "1996.10.16"]
[EventType "tourn"]
[EventRounds "9"]
[EventCountry "ISR"]
[SourceTitle "CBM 055 Extra"]
[Source "ChessBase"]
[SourceDate "1997.01.01"]
[SourceVersion "1"]
[SourceVersionDate "1997.01.01"]
[SourceQuality "1"]

1. c4 e6 2. Nf3 d5 3. d4 Nf6 4. Nc3 Nbd7 5. cxd5 exd5 6. Bg5 Be7 7. e3 c6 8. Bd3 0-0 9. 0-0 Re8 10. Qc2 Nf8 11. Bxf6 Bxf6 12. b4 Be6 13. Na4 Rc8 14. Nc5 Qc7 15. Nxe6 fxe6 16. Rab1 g6 17. Rfc1 Bg7 18. h4 e5 19. dxe5 Bxe5 20. Qb3 Kh8 21. b5 Bf6 22. bxc6 bxc6 23. Ba6 Rb8 24. Qa4 c5 25. Rb7 Qd6 26. Rcb1 Re4 27. Qb5 Rxb7 28. Bxb7 Bxh4 29. Qd3 Bf6 30. Bxd5 Re7 31. Qc4 Nd7 32. Rc1 Re8 33. e4 Rc8 34. Qe2 Ne5 35. Nxe5 Bxe5 36. Qg4 Rb8 37. Bb3 Bh2+ 38. Kh1 Be5 39. Rd1 Bd4 40. Qe2 Rf8 41. Rf1 Qf6 42. g3 Re8 43. Kg2 Qe5 44. Re1 Bc3 45. Rc1 Bd4 46. Bc2 Rb8 47. Rb1 Rxb1 48. Bxb1 Qe6 49. Bd3 Kg7 50. Bc4 Qf6 51. Bb3 g5 52. f3 Qd6 53. Qd2 Qe5 54. Qd3 Qd6 55. Qb5 Be5 56. Qb7+ Qc7 57. Qd5 a5 58. Qg8+ Kh6 59. Qf8+ Bg7 60. Qf5 Qe5 61. Qd7 Qb2+ 62. Kh3 Qf6 63. Kg4 Qe5 64. Qf7 1-0

[Event "ISR-ch (Women)"]
[Site "Israel"]
[Date "1994.??.??"]
[Round "?"]
[White "Klinova, Masha"]
[Black "Srumin, Galina"]
[Result "1-0"]
[WhiteElo "2280"]
[BlackElo "2130"]
[PlyCount "63"]
[EventDate "1994.??.??"]
[EventType "tourn"]
[EventRounds "10"]
[EventCountry "ISR"]
[SourceTitle "EXT 1998"]
[Source "ChessBase"]
[SourceDate "1997.11.17"]
[SourceVersion "1"]
[SourceVersionDate "1997.11.17"]
[SourceQuality "1"]

1. e4 e5 2. Nf3 Nc6 3. Bc4 Nf6 4. d3 h6 5. c3 d6 6. Bb3 g6 7. 0-0 Bg7 8. h3 0-0 9. Bc2 Kh7 10. d4 exd4 11. Nxd4 Ng8 12. Be3 Nge7 13. Nd2 f5 14. Nxc6 Nxc6 15. f4 Qe7 16. Qf3 Be6 17. Rae1 Qf7 18. exf5 Bxf5 19. Bb3 Qf6 20. g4 Bd3 21. Rf2 Rae8 22. Qd5 Ba6 23. Nf3 Rxe3 24. Rxe3 Qxf4 25. Qe4 Qf6 26. g5 hxg5 27. Qg4 Kh6 28. h4 gxh4 29. Rh2 Kh7 30. Qxh4+ Qxh4 31. Rxh4+ Bh6 32. Ng5+ 1-0

[Event "ISR-ch (Women)"]
[Site "Israel"]
[Date "1994.??.??"]
[Round "?"]
[White "Tsifanskaya, Ludmila A"]
[Black "Srumin, Galina"]
[Result "1-0"]
[WhiteElo "2205"]
[BlackElo "2130"]
[PlyCount "75"]
[EventDate "1994.??.??"]
[EventType "tourn"]
[EventRounds "10"]
[EventCountry "ISR"]
[SourceTitle "EXT 1998"]
[Source "ChessBase"]
[SourceDate "1997.11.17"]
[SourceVersion "1"]
[SourceVersionDate "1997.11.17"]
[SourceQuality "1"]

1. Nf3 d5 2. g3 Nf6 3. Bg2 Bf5 4. d3 e6 5. Nbd2 h6 6. 0-0 Be7 7. b3 0-0 8. Bb2 c5 9. e3 Nc6 10. Qe2 Re8 11. Ne1 e5 12. e4 Bg6 13. c3 d4 14. c4 a6 15. Bh3 b5 16. f4 Bf8 17. Qg2 Nh5 18. Bg4 Nf6 19. Be2 Qa5 20. Bc1 Rad8 21. f5 Bh7 22. g4 Rd6 23. h4 Kh8 24. g5 hxg5 25. hxg5 Nd7 26. Kf2 Be7 27. Rh1 Nf8 28. Ndf3 bxc4 29. bxc4 Rb8 30. Bd2 Qc7 31. Nh4 Rb2 32. Nef3 Qb8 33. Qg3 Bd8 34. Nxe5 Nxe5 35. Qxe5 Rxa2 36. Rab1 Qc7 37. Bf4 Be7 38. f6 1-0